000 00552nam a2200217Ia 4500
008 101110s9999 xx 000 0 und d
041 _aENGLISH
082 _bSR27630
100 _aLindwig Oliver
245 _aIllustrated dictionary of management
260 _c2004
_bLotus Press, New Delhi
300 _a208
365 _b95
520 _aCommerce
546 _aENGLISH
630 _aIllustrated dictionary of management
650 _aCommerce
655 _aCommerce
730 _aIllustrated dictionary of management
942 _cBOOK
999 _c820182
_d820179